000 00556nam a2200157 4500
001 109435
003 ES-MaACL
005 20230906184836.0
007 t|
008 061121s1916 sp r ||||1| spa d
100 1 _aOlmo, Vicente del.
_986980
245 1 3 _aUn mozo sin la labranza
_b: entremés de costumbres asturianas /
_cletra de Vicente del Olmo ; trozos astures adaptados y música del cantar por Cesáreo Berganzo.
260 _aMadrid :
_b[s.n.],
_c1916 (
_fImp. R. Velasco)
700 1 _aBerganzo, Cesáreo.
_927933
852 _aES-MaACL
_j1555-F-15
999 _c109435
_d109435